• 首页
  • 本馆介绍
  • 公告通知
  • 最新文献
  • 馆藏检索
  • 电子资源
  • 读者导购
  • 参考咨询
  • 我的图书馆
  • 登录
  • 详细信息显示
  • 放入我的书架
  • 预约/预借图书
  • 作者相关作品
  • 分类相关作品
  • 丛书相关作品
  • 出版社相关作品

书目信息

  • 表格格式
  • 工作单格式
  • 卡片格式
题名:
球类运动
    
 
作者: ;排球教材编写组 编
分册:  
出版信息: 北京   高等教育出版社  1987
页数: 429页
开本: 20cm
丛书名:
单 册:
中图分类: G842.2
科图分类:
主题词: 排球运动--师范大学--教材
电子资源:
ISBN: 7-04-001432-7
000 00655nam0 2200229 45
001 0187011103
005 20070618160036.92
010    @a7-04-001432-7@dCNY6.75
100    @a19960128d1987 em y0chiy0121 ea
101 0  @achi
102    @aCN@b110000
102    @aCN@b110000
105    @ay z 000yy
200 10 @a球类运动@e排球@Aqiu lei yun dong@f排球教材编写组编
210    @a北京@c高等教育出版社@d1987@h1995
215    @a429页@d20cm
606    @a排球运动@x师范大学@x教材
690    @aG842.2@v3
711 02 @a排球教材编写组@4编@Apai qiu jiao cai bian xie zu
801  0 @aCN@bTSSF@c20070618
801  2 @aCN@bNLC@c20070613
905    @a10447@dG842.2@e288
    
    球类运动:排球/排球教材编写组编.-北京:高等教育出版社,1987(1995)
    429页;20cm
    
    
    ISBN 7-04-001432-7:CNY6.75
    
●
相关链接 在E读中查询图书 在五车中查询图书 在当当中查询图书 在豆瓣中查询图书


正题名:球类运动     索取号:G842.2/288         预约/预借

序号 登录号 条形码 馆藏地/架位号 状态 备注
1 0636227   206362274   第一样本阅览室/ [索取号:G842.2/288] 在馆    
2 0636228   206362283   密集书库/ [索取号:G842.2/288] 在馆    
3 0636229   206362292   密集书库/ [索取号:G842.2/288] 在馆    
4 0636230   206362309   密集书库/ [索取号:G842.2/288] 在馆    
5 0636231   206362318   密集书库/ [索取号:G842.2/288] 在馆    
6 0636232   206362327   密集书库/ [索取号:G842.2/288] 在馆    
7 0636233   206362336   密集书库/ [索取号:G842.2/288] 在馆    
8 0636234   206362345   密集书库/ [索取号:G842.2/288] 在馆    
9 0636235   206362354   密集书库/ [索取号:G842.2/288] 在馆    
10 0636236   206362363   密集书库/ [索取号:G842.2/288] 在馆    
11 0654852   206548529   库房3/ [索取号:G842.2/288] 在馆    
唐山师范学院图书馆 欢迎您!
大连网信软件有限公司© 版权所有